Confessions of an Unknown Congressman/ (Record no. 214393)

MARC details
000 -LEADER
fixed length control field 00563nam a22001817a 4500
005 - DATE AND TIME OF LATEST TRANSACTION
control field 20260121144930.0
010 ## - LCCN (DPL NO)
LC control number ENG-147601
020 ## - INTERNATIONAL STANDARD BOOK NUMBER
International Standard Book Number 9788119670475
Terms of availability 695.00
035 ## - SYSTEM CONTROL NUMBER
System control number EN-131133
037 ## - SOURCE OF ACQUISITION
Source of stock number/acquisition DBAD
082 ## - DEWEY DECIMAL CLASSIFICATION NUMBER
Classification number 881
Edition number 1
100 ## - MAIN ENTRY--PERSONAL NAME
Personal name Manzar, Mahesh
245 ## - TITLE STATEMENT
Title Confessions of an Unknown Congressman/
Statement of responsibility, etc Mahesh Manzar
260 ## - PUBLICATION, DISTRIBUTION, ETC. (IMPRINT)
Place of publication, distribution, etc New Delhi
Name of publisher, distributor, etc Vitasta Publishing
Date of publication, distribution, etc 2025
270 ## - ADDRESS
Address 2/15,Ansari Road,Daryaganj,
City New Delhi
Postal code 110002
Electronic mail address vitastapublishing.com
300 ## - PHYSICAL DESCRIPTION
Extent 524p.
Dimensions 22cm(hb)
Other physical details ill.col
942 ## - ADDED ENTRY ELEMENTS (KOHA)
Source of classification or shelving scheme Dewey Decimal Classification
Item type English Books
Classification part 881
Call number suffix MAN
Holdings
Withdrawn status Lost status Not for loan Collection code Home library Current library Date acquired Source of acquisition Cost, normal purchase price Full call number Barcode Copy number Cost, replacement price Koha item type
      Non-fiction Central Jail Tihar Central Jail Tihar 21/01/2026 Delivery of Books Act Division 695.00 881 MAN EN-131133 1 695.00 English Books

© Delhi Public Library
Hit Counter
free hit counter